000 01361nam a22003857a 4500
001 57
003 FISKH
005 20230220131950.0
008 230220b cb ||||| |||| 00| 0 eng d
010 _a2013023620
020 _a9780545886482
040 _aDLC
_beng
_cDLC
_erda
_dDLC
_dFISKH
042 _apcc
_alcac
050 0 0 _aPZ7.G751577
_bAbs 2014
082 0 0 _a813.6
_223
100 1 _aGraff, Lisa
_q(Lisa Colleen),
_d1981-
245 1 0 _aAbsolutely almost /
_cLisa Graff.
264 1 _aNew York, NY :
_bScholastic
_c[2014]
300 _a288, 7 pages ;
_c20 cm.
336 _atext
_2rdacontent
337 _aunmediated
_2rdamedia
338 _avolume
_2rdacarrier
520 _aTen-year-old Albie has never been the smartest, tallest, best at gym, greatest artist, or most musical in his class, as his parents keep reminding him, but new nanny Calista helps him uncover his strengths and take pride in himself.
521 8 _a750
_bLexile
521 8 _aR
_bRaz-Plus
650 1 _aSelf-esteem
_vFiction.
650 1 _aAbility
_vFiction.
650 1 _aBabysitters and babysitting
_vFiction.
650 1 _aFamily life
_zNew York (State)
_zNew York
_vFiction.
650 1 _aSchools
_vFiction.
650 1 _aRacially mixed people
_vFiction.
651 1 _aNew York (N.Y.)
_vFiction.
906 _a7
_bcbc
_corignew
_d1
_eecip
_f20
_gy-gencatlg
942 _2ddc
_cBK
_n0
999 _c57
_d57